<?xml version="1.0" encoding="UTF-8"?><?xml-stylesheet type="text/xsl" href="static/style.xsl"?><OAI-PMH xmlns="http://www.openarchives.org/OAI/2.0/" xmlns:xsi="http://www.w3.org/2001/XMLSchema-instance" xsi:schemaLocation="http://www.openarchives.org/OAI/2.0/ http://www.openarchives.org/OAI/2.0/OAI-PMH.xsd"><responseDate>2026-04-13T00:07:59Z</responseDate><request verb="GetRecord" identifier="oai:www.recercat.cat:20.500.12328/3210" metadataPrefix="marc">https://recercat.cat/oai/request</request><GetRecord><record><header><identifier>oai:recercat.cat:20.500.12328/3210</identifier><datestamp>2025-05-16T12:56:04Z</datestamp><setSpec>com_2072_67741</setSpec><setSpec>col_2072_484352</setSpec></header><metadata><record xmlns="http://www.loc.gov/MARC21/slim" xmlns:dcterms="http://purl.org/dc/terms/" xmlns:xsi="http://www.w3.org/2001/XMLSchema-instance" xmlns:doc="http://www.lyncode.com/xoai" xsi:schemaLocation="http://www.loc.gov/MARC21/slim http://www.loc.gov/standards/marcxml/schema/MARC21slim.xsd">
   <leader>00925njm 22002777a 4500</leader>
   <datafield ind2=" " ind1=" " tag="042">
      <subfield code="a">dc</subfield>
   </datafield>
   <datafield ind2=" " ind1=" " tag="720">
      <subfield code="a">Marcos Calvo, Miguel Ángel</subfield>
      <subfield code="e">author</subfield>
   </datafield>
   <datafield ind2=" " ind1=" " tag="720">
      <subfield code="a">Herranz Llácer, Cristina Victoria</subfield>
      <subfield code="e">author</subfield>
   </datafield>
   <datafield ind2=" " ind1=" " tag="720">
      <subfield code="a">Jiménez-Yáñez, Ricardo-María</subfield>
      <subfield code="e">author</subfield>
   </datafield>
   <datafield ind2=" " ind1=" " tag="260">
      <subfield code="c">2022</subfield>
   </datafield>
   <datafield ind2=" " ind1=" " tag="520">
      <subfield code="a">Este artículo tiene como propósito valorar si el conocimiento de otras lenguas diferentes al inglés y catalán influye en el aumento del léxico disponible español. Para ello, se ha desarrollado una investigación cualitativa y se ha creado una encuesta asociativa con el objetivo de comparar el léxico disponible de los estudiantes de 1.º de ESO y 1.º de Bachillerato de centros educativos de Madrid y Barcelona. En dicha encuesta, se ha contado con siete centros de interés entre los que se incluyen algunos novedosos como Profesores y Educación. Para cuantificar si existen diferencias entre ambos grupos, a parte del índice de disponibilidad léxica, se ha calculado el índice de compatibilidad y el Porcentaje de Disponibilidad Léxica Retenida. Con todo ello, se ha inferido que el número de vocablos de la intersección es bajo respecto a los cardinales de cada grupo, lo que implica una baja compatibilidad. Ahora bien, estas palabras retienen un porcentaje elevado de la disponibilidad léxica total. Como conclusión principal se destaca que el conocimiento de otras lenguas interviene positivamente para la mejora del léxico disponible español. Además, se ha confirmado que el léxico identificado para ambos grupos presenta claras diferencias.</subfield>
   </datafield>
   <datafield ind2=" " ind1=" " tag="520">
      <subfield code="a">This article aims to assess whether knowledge of languages (different from English and Catalan) influences the increase of the Spanish lexicon available. For this purpose, qualitative research has been developed, and an associative survey to compare the lexical availability of high school students in Madrid and Barcelona. The survey involved seven centers of interest, including some new ones such as Teachers and Education. A series of calculations were carried out to quantify if there are any differences between the groups. Apart from the index of lexical availability, the compatibility index and the Percentage of Retained Lexical Availability were used. The result is that the number of words in the intersection is low concerning the cardinal numbers in each group. It implies low compatibility. However, these words retain a high percentage of the total lexical availability. Thus, these words could be considered as the core lexicon. The main conclusion is that knowledge of other languages has a positive effect on the available Spanish lexicon. Moreover, it has been confirmed that the lexicon identified for both groups shows differences.</subfield>
   </datafield>
   <datafield ind1="8" ind2=" " tag="024">
      <subfield code="a">Marcos Calvo, Miguel Ángel; Herranz-Llácer, Cristina V.; Jímenez-Yáñez, Ricardo-María [et al.]. El conocimiento de otras lenguas en el léxico disponible español en estudiantes de secundaria y bachillerato. Tejuelo. Teaching of language and literature, 2022, 35(3), p. 43-72. Disponible en: &lt;https://tejuelo.unex.es/article/view/4129>. Fecha de acceso: 1 abr. 2022. DOI: 10.17398/1988-8430.35.3.43.</subfield>
   </datafield>
   <datafield ind1="8" ind2=" " tag="024">
      <subfield code="a">1988-8430</subfield>
   </datafield>
   <datafield ind1="8" ind2=" " tag="024">
      <subfield code="a">http://hdl.handle.net/20.500.12328/3210</subfield>
   </datafield>
   <datafield ind1="8" ind2=" " tag="024">
      <subfield code="a">https://dx.doi.org/10.17398/1988-8430.35.3.43</subfield>
   </datafield>
   <datafield tag="653" ind2=" " ind1=" ">
      <subfield code="a">Disponibilitat lèxica</subfield>
   </datafield>
   <datafield tag="653" ind2=" " ind1=" ">
      <subfield code="a">Compatibilitat lèxica</subfield>
   </datafield>
   <datafield tag="653" ind2=" " ind1=" ">
      <subfield code="a">Percentatge de disponibilitat retingut</subfield>
   </datafield>
   <datafield tag="653" ind2=" " ind1=" ">
      <subfield code="a">Educació secundària</subfield>
   </datafield>
   <datafield tag="653" ind2=" " ind1=" ">
      <subfield code="a">Institut</subfield>
   </datafield>
   <datafield tag="653" ind2=" " ind1=" ">
      <subfield code="a">Batxillerat</subfield>
   </datafield>
   <datafield tag="653" ind2=" " ind1=" ">
      <subfield code="a">Lexical availability</subfield>
   </datafield>
   <datafield tag="653" ind2=" " ind1=" ">
      <subfield code="a">Lexical compatibility</subfield>
   </datafield>
   <datafield tag="653" ind2=" " ind1=" ">
      <subfield code="a">Retained availability percentage</subfield>
   </datafield>
   <datafield tag="653" ind2=" " ind1=" ">
      <subfield code="a">Secondary education</subfield>
   </datafield>
   <datafield tag="653" ind2=" " ind1=" ">
      <subfield code="a">High School</subfield>
   </datafield>
   <datafield tag="653" ind2=" " ind1=" ">
      <subfield code="a">Disponibilidad léxica</subfield>
   </datafield>
   <datafield tag="653" ind2=" " ind1=" ">
      <subfield code="a">Compatibilidad léxica</subfield>
   </datafield>
   <datafield tag="653" ind2=" " ind1=" ">
      <subfield code="a">Porcentaje de disponibilidad retenida</subfield>
   </datafield>
   <datafield tag="653" ind2=" " ind1=" ">
      <subfield code="a">Educación Secundaria</subfield>
   </datafield>
   <datafield tag="653" ind2=" " ind1=" ">
      <subfield code="a">Instituto</subfield>
   </datafield>
   <datafield tag="653" ind2=" " ind1=" ">
      <subfield code="a">Bachillerato</subfield>
   </datafield>
   <datafield ind2="0" ind1="0" tag="245">
      <subfield code="a">El conocimiento de otras lenguas en el léxico disponible español en estudiantes de secundaria y bachillerato</subfield>
   </datafield>
</record></metadata></record></GetRecord></OAI-PMH>